[Event "HUN-chT2 Charousek 0809"]
[Site "Hungary"]
[Date "2009.02.22"]
[Round "8"]
[White "Krizsany, Laszlo"]
[Black "Magyar, Andras"]
[Result "1-0"]
[WhiteElo "2442"]
[BlackElo "2255"]
[PlyCount "119"]
[EventDate "2008.10.26"]
[EventType "team-tourn"]
[EventRounds "11"]
[EventCountry "HUN"]
[SourceTitle "EXT 2010"]
[Source "ChessBase"]
[SourceDate "2010.11.25"]
[SourceVersion "1"]
[SourceVersionDate "2010.11.25"]
[SourceQuality "1"]
[WhiteTeam "Aquaprofit II"]
[BlackTeam "Haladas II"]
[WhiteTeamCountry "HUN"]
[BlackTeamCountry "HUN"]

1. d4 Nf6 2. c4 g6 3. Nc3 Bg7 4. e4 0-0 5. Be2 d6 6. Bg5 h6 7. Be3 e5 8. d5 a5 9. g4 Nfd7 10. Qd2 Kh7 11. 0-0-0 Na6 12. h4 Ndc5 13. h5 g5 14. f3 Bd7 15. Kb1 f6 16. Nh3 Rf7 17. Nf2 Bf8 18. Rc1 Qb8 19. Nd3 b6 20. Bd1 Nxd3 21. Qxd3 Nc5 22. Bxc5 dxc5 23. Ba4 Bxa4 24. Nxa4 Bd6 25. Qb3 Qe8 26. Nc3 Qd7 27. Qb5 Qxb5 28. Nxb5 Rd7 29. Nc3 Kg7 30. Ne2 Kf7 31. Ng3 Bf8 32. Nf5 a4 33. Rhd1 Ra5 34. Rd3 Rd8 35. Ra3 Rb8 36. Ne3 Ke8 37. Nd1 Kd7 38. Nc3 Rba8 39. b3 axb3 40. Rxa5 Rxa5 41. axb3 Kc8 42. Kb2 Kb7 43. Ra1 Rxa1 44. Kxa1 Be7 45. Kb2 Bf8 46. Ka3 Be7 47. Ka4 Ka6 48. Nd1 Bf8 49. Ne3 Be7 50. Nf5 Bf8 51. b4 cxb4 52. d6 cxd6 53. Ne3 Be7 54. Nd5 Bd8 55. Nxb4+ Kb7 56. Kb5 Be7 57. Nc6 Bf8 58. Nd8+ Kc8 59. Ne6 Be7 60. Kc6 1-0

[Event "Oberliga Wuerttemberg 0809"]
[Site "Wuerttemberg"]
[Date "2009.02.01"]
[Round "6.5"]
[White "Schwarzburger, Lothar"]
[Black "Magyar, Andras"]
[Result "1/2-1/2"]
[WhiteElo "2114"]
[BlackElo "2268"]
[PlyCount "77"]
[EventDate "2008.10.12"]
[EventType "team-tourn"]
[EventRounds "9"]
[EventCountry "GER"]
[SourceTitle "EXT 2019"]
[Source "ChessBase"]
[SourceDate "2018.10.10"]
[SourceVersion "1"]
[SourceVersionDate "2018.10.10"]
[SourceQuality "1"]
[WhiteTeam "Stuttgart SF II"]
[BlackTeam "Rommelshausen"]
[WhiteTeamCountry "GER"]
[BlackTeamCountry "GER"]

1. e4 c5 2. Nf3 Nc6 3. d4 cxd4 4. Nxd4 Nf6 5. Nc3 d6 6. Bc4 e6 7. Bb3 a6 8. Be3 Be7 9. f3 Qc7 10. Qd2 Na5 11. 0-0 Nc4 12. Bxc4 Qxc4 13. a4 b6 14. Rfd1 0-0 15. Qf2 Bd7 16. g4 Rfc8 17. Rd2 b5 18. axb5 axb5 19. Rad1 b4 20. Nce2 Ra2 21. b3 Qa6 22. Ng3 Ne8 23. c4 Ra3 24. e5 dxe5 25. Nc2 Bc6 26. Nxa3 bxa3 27. Ne4 Qa8 28. Bc5 Bxc5 29. Nxc5 h5 30. Rf1 Nf6 31. g5 Nh7 32. h4 Nf8 33. f4 exf4 34. Qxf4 Qa7 35. b4 Ng6 36. Qf2 Ne5 37. Qf4 Qb8 38. Na6 Qa7+ 39. Nc5 1/2-1/2

[Event "HUN-chT2 Charousek 0809"]
[Site "Hungary"]
[Date "2009.01.25"]
[Round "6"]
[White "Forgo, Eva"]
[Black "Magyar, Andras"]
[Result "1/2-1/2"]
[WhiteElo "2193"]
[BlackElo "2255"]
[PlyCount "35"]
[EventDate "2008.10.26"]
[EventType "team-tourn"]
[EventRounds "11"]
[EventCountry "HUN"]
[SourceTitle "EXT 2010"]
[Source "ChessBase"]
[SourceDate "2010.11.25"]
[SourceVersion "1"]
[SourceVersionDate "2010.11.25"]
[SourceQuality "1"]
[WhiteTeam "Csuti II"]
[BlackTeam "Haladas II"]
[WhiteTeamCountry "HUN"]
[BlackTeamCountry "HUN"]

1. e4 c5 2. Nf3 Nc6 3. d4 cxd4 4. Nxd4 Nf6 5. Nc3 d6 6. Bc4 e6 7. Bb3 a6 8. 0-0 Be7 9. Kh1 0-0 10. f4 Na5 11. f5 Nxb3 12. axb3 Bd7 13. Bg5 b5 14. Qd3 Qb6 15. Rad1 Qb7 16. b4 Rac8 17. Nb3 Rfd8 18. Na5 1/2-1/2